[Event "Zalakaros op"]
[Site "Zalakaros"]
[Date "1993.??.??"]
[Round "8"]
[White "Szittar, Antal"]
[Black "Ruck, Robert"]
[Result "0-1"]
[WhiteElo "2205"]
[BlackElo "2360"]

1.e4 c5 2.c3 Nf6 3.e5 Nd5 4.d4 cxd4 5.cxd4 e6 6.Nf3 d6 7.Bc4 Nc6 8.O-O Be7
9.Nbd2 O-O 10.Ne4 Qc7 11.exd6 Bxd6 12.Nxd6 Qxd6 13.a3 b6 14.Qd3 Bb7 15.Bg5 h6
16.Bd2 Rfd8 17.Rad1 Rac8 18.Ba6 Bxa6 19.Qxa6 Rc7 20.Qa4 Rdc8 21.Rc1 Qd7 22.h3 Ne5
23.Qxd7 Nxd7 24.Rxc7 Rxc7 25.Rc1 Rxc1+ 26.Bxc1 Kf8 27.Kf1 Ke7 28.Ke2 Kd6
29.Bd2 Kc6 30.Kd3 Kb5 31.b3 Kc6 32.g3 Kd6 33.Bc1 Ne7 34.Bb2 Kd5 35.Nd2 f6
36.Nc4 Kc6 37.Ne3 Nd5 38.Nc4 a6 39.Nd2 Kd6 40.Ne4+ Kc6 41.Nd2 f5 42.h4 N5f6
43.f3 g5 44.hxg5 hxg5 45.Ke3 g4 46.fxg4 Nxg4+ 47.Kf3 Kd5 48.Ke2 Ndf6 49.Nf1 Ne4
50.a4 Nef6 51.Kd3 Nd7 52.Ba1 Nb8 53.Bb2 Nc6 54.Bc3 Nf2+ 55.Ke2 Ne4 56.Kd3 Nf2+
57.Ke2 Ng4 58.Kd3 b5 59.axb5 axb5 60.Ba1 Na5 61.Kc3 Nc6 62.Kd3 b4 63.Nd2 Na5
64.Kc2 Nf2 65.Nf1 Nc6 66.Ne3+ Ke4 67.d5 exd5 68.Kd2 Ng4 69.Nc2 d4 70.Bxd4 Nxd4
71.Nxb4 Nxb3+ 72.Kc3 Nd4 73.Kd2 Ne3 74.Na6 Nf1+ 75.Ke1 Nxg3 76.Kf2 Kf4 77.Nc7 Ne4+
78.Kg2 Ke5 79.Na6 Nc6 80.Nc7 f4 81.Nb5 Nd4 82.Na3 f3+ 83.Kf1 Nf5 84.Nc4+ Kf4
85.Kg1 f2+ 86.Kg2 Ne3+ 87.Nxe3 Kxe3  0-1

[Event "Aarhus int"]
[Site "Aarhus"]
[Date "1994.??.??"]
[Round "1"]
[White "Kristensen, Leif"]
[Black "Nielsen, Uffe V"]
[Result "1/2-1/2"]
[WhiteElo "2340"]
[BlackElo "2385"]

1.e4 c5 2.c3 Nf6 3.e5 Nd5 4.g3 e6 5.Bg2 Nc6 6.Nf3 Qc7 7.Qe2 a6 8.O-O b5 9.Re1 Nb6
10.Na3 Bb7 11.Nc2 Be7 12.d4 cxd4 13.cxd4 Rc8 14.Ne3 O-O 15.Bd2 d6 16.Rac1 Qb8
17.b3 dxe5 18.dxe5 Rfd8 19.Bc3 Nb4 20.Ba1 Be4 21.Rxc8 Qxc8 22.Nd4 Bxg2 23.Nxg2 Rd7
24.Ne3 Rc7 25.a3 N4d5 26.Nxd5 Nxd5 27.Bb2 Bc5 28.a4 b4 29.Qd3 g6 30.Nf3 Bb6
31.Bd4 Bxd4 32.Nxd4 Rc3 33.Qe2 Ne7 34.Qe4 Nd5 35.Qe2 Kg7 36.h4 h5 37.Rd1 Ne7
38.Qe4 Nd5 39.Qe2 Ne7 40.Qe4 Nd5 41.Qe2 Rc5 42.Re1 Qa8 43.Qe4 Rc3 44.Kh2 Qa7
45.Kg2 Qb6 46.Rd1 Rc8 47.Rd3 Rc1 48.Rf3 Qc5 49.g4 Rd1 50.Nxe6+ fxe6 51.gxh5 Ne7
52.h6+ Kg8 53.Qf4 Nf5 54.Qg5 Qd5 55.Qxg6+ Kh8 56.Qf6+ Kh7 57.h5 Qb7 58.Qg6+ Kh8
59.Qf6+ Kh7 60.Qg6+ Kh8 61.Qe8+ Kh7 62.Qg6+  1/2-1/2

[Event "Aarhus op3"]
[Site "Aarhus"]
[Date "1994.??.??"]
[Round "4"]
[White "Pedersen, Nicolai Vesterbaek"]
[Black "Samaritani, Fabio"]
[Result "1/2-1/2"]
[WhiteElo "2310"]
[BlackElo "2265"]

1.e4 c5 2.c3 Nf6 3.e5 Nd5 4.d4 cxd4 5.Nf3 d6 6.Bc4 Nb6 7.Bb3 d5 8.cxd4 Nc6
9.O-O Bg4 10.Be3 e6 11.h3 Bh5 12.Qe2 Be7 13.Nbd2 O-O 14.a3 Qd7 15.Rac1  1/2-1/2

[Event "Aberdeen op"]
[Site "Aberdeen"]
[Date "1994.??.??"]
[Round "2"]
[White "Cobb, James"]
[Black "Gaughan, Richard J"]
[Result "1-0"]
[WhiteElo "2245"]
[BlackElo "2070"]

1.e4 c5 2.c3 Nf6 3.e5 Nd5 4.Nf3 e6 5.d4 cxd4 6.cxd4 b6 7.Nc3 Bb7 8.Bd3 Bb4
9.Bd2 Bxc3 10.bxc3 Ne7 11.Ng5 Ng6 12.Qh5 Nc6 13.Ne4 Qc7 14.Nd6+ Ke7 15.O-O Rag8
16.f4 f5 17.d5 Ncxe5 18.fxe5 Nxe5 19.Nxb7 Qxb7 20.Bg5+ Kd6 21.Rad1 exd5 22.Bf4 Re8
23.Qxf5 Qc7 24.Be4  1-0

[Event "Aberdeen op"]
[Site "Aberdeen"]
[Date "1994.??.??"]
[Round "3"]
[White "Clissold, Benjamin"]
[Black "Bates, Richard"]
[Result "0-1"]
[WhiteElo "2135"]
[BlackElo "2260"]

1.e4 c5 2.c3 Nf6 3.e5 Nd5 4.Nf3 Nc6 5.d4 cxd4 6.cxd4 d6 7.Bc4 Nb6 8.Bb3 dxe5
9.Nxe5 Nxe5 10.dxe5 Qxd1+ 11.Bxd1 Bd7 12.Bf3 Rc8 13.Nd2 Bc6 14.O-O e6 15.b3 Bxf3
16.Nxf3 Nd5 17.Bb2 Be7 18.Rac1 Kd7 19.g3 Rhd8 20.Rfd1 Ke8 21.Kf1 g5 22.h3 h6
23.Ke2 Bb4 24.a3 Ba5 25.Rxc8 Rxc8 26.Rc1 Rxc1 27.Bxc1 Bc3 28.Bd2 Bb2 29.a4 Kd7
30.Kd3 a6 31.Ke4 Kc6 32.Ne1 f5+ 33.exf6 Nxf6+ 34.Kd3 Nd7 35.f4 Nc5+ 36.Kc2 Bf6
37.fxg5 hxg5 38.Nf3 Ne4 39.Be3 Kd5 40.h4 g4 41.Nh2 Nxg3 42.Nxg4 Bxh4 43.Kd3 e5
44.Bf2 e4+ 45.Kc2 Nf5 46.Bb6 Bg5 47.Kc3 Nh4 48.Bf2 Ng2 49.Bb6 Ke6 50.Nh2 Kf5
51.Nf1 e3 52.Kd3 Nf4+ 53.Kxe3 Nd5+ 54.Kd4 Nxb6 55.Kc5 Nc8 56.b4 Be7+ 57.Kc4 Nb6+
58.Kb3 Ke4 59.Nd2+ Ke3 60.Nc4+ Nxc4 61.Kxc4 Ke4 62.a5 Ke5 63.b5 Ke4 64.bxa6 bxa6
65.Kb3 Kd5 66.Ka4 Bd8 67.Kb4 Kc6 68.Ka4 Kc5 69.Ka3 Kb5 70.Kb3 Kxa5 71.Ka3 Kb5
72.Kb3 a5  0-1

[Event "Aberdeen op"]
[Site "Aberdeen"]
[Date "1994.??.??"]
[Round "4"]
[White "Cobb, Charles"]
[Black "Moskovic, David M"]
[Result "1-0"]
[WhiteElo "2160"]
[BlackElo "2085"]

1.e4 c5 2.c3 Nf6 3.e5 Nd5 4.d4 cxd4 5.Nf3 Nc6 6.cxd4 d6 7.Bc4 dxe5 8.dxe5 Ndb4
9.O-O Qxd1 10.Rxd1 g6 11.Nc3 Bg7 12.Bf4 Bg4 13.Be2 O-O 14.a3 Bxf3 15.Bxf3 Nc2
16.Bxc6 Nxa1 17.Ba4 b5 18.Nxb5 Rac8 19.Nc3 Rc4 20.g3 g5 21.Bxg5 Bxe5 22.Bb5 Rc7
23.Rxa1 Rb8 24.a4 a6 25.Nd5 axb5 26.Nxc7 Bxc7 27.a5 Ra8 28.a6 Be5 29.Ra2 f6
30.Be3 Kf7 31.a7 Ke6 32.Ra5 Bxb2 33.Rxb5 Be5 34.Rb7 Bd6 35.Kg2 Kd5 36.Rb5+ Kc4
37.Rh5 f5 38.Rh4+  1-0

[Event "Aberdeen op"]
[Site "Aberdeen"]
[Date "1994.??.??"]
[Round "5"]
[White "Clissold, Benjamin"]
[Black "Walton, Jonathan S"]
[Result "1-0"]
[WhiteElo "2135"]
[BlackElo "2225"]

1.e4 c5 2.c3 Nf6 3.e5 Nd5 4.Nf3 d6 5.d4 cxd4 6.cxd4 Nc6 7.Bc4 Nb6 8.Bb5 d5
9.O-O Bg4 10.b3 e6 11.Bb2 Rc8 12.h3 Bh5 13.a3 a6 14.Bd3 Be7 15.Re1 Bg5 16.Nbd2 Bxd2
17.Qxd2 Bxf3 18.gxf3 Qh4 19.Kh2 Nd7 20.Rac1 Nf8 21.Rg1 Ng6 22.Rg4 Qd8 23.a4 Nce7
24.Ba3 Rxc1 25.Qxc1 O-O 26.h4 f5 27.exf6 Rxf6 28.h5 Nh8 29.Qg5 Qc7+ 30.Kg2 Nf5
31.Qxf6  1-0

[Event "Aegina op"]
[Site "Aegina"]
[Date "1994.??.??"]
[Round "5"]
[White "Stavrakakis, Vasilios"]
[Black "Nikcevic, Nebojsa"]
[Result "0-1"]
[WhiteElo "2250"]
[BlackElo "2470"]

1.e4 c5 2.c3 Nf6 3.e5 Nd5 4.d4 cxd4 5.cxd4 e6 6.Nc3 Nxc3 7.bxc3 b6 8.Nf3 Bb7
9.Bd3 d6 10.O-O Nd7 11.Bf4 Qc7 12.Re1 Be7 13.exd6 Bxd6 14.Ne5 Bxe5 15.dxe5 h6
16.Qe2 O-O-O 17.Ba6 Nc5 18.Bxb7+ Qxb7 19.Be3 Rd5 20.Bd4 Rhd8 21.Reb1 Qc7
22.a4 Nb7 23.Rb4 Na5 24.Rab1 Qb7 25.f4 R8d7 26.Be3 Nc6 27.R4b2 Ra5 28.c4 Nd4
29.Qf2 Qe4 30.Kh1 Rxa4 31.c5 Nf5 32.cxb6 Nxe3 33.bxa7 Rdxa7 34.Qd2 Qxg2+
35.Qxg2 Nxg2 36.Rxg2 Ra1 37.Rc2+ Kd7 38.Rxa1 Rxa1+ 39.Kg2 g5 40.fxg5 hxg5
41.Kf2 Ra3 42.Re2 Kc6 43.Rc2+ Kd5 44.Rc7 Ra4 45.Kg3 Rf4 46.h4 Rxh4 47.Rxf7 Kxe5
48.Rf8 Rd4 49.Rg8 Kf5 50.Rf8+ Ke4 51.Kg4 Rd1 52.Ra8 Rg1+ 53.Kh3 e5 54.Kh2 Rd1
55.Rg8 Kf4 56.Rf8+ Kg4 57.Re8 Rd2+ 58.Kg1 Kg3 59.Kf1 Rf2+ 60.Kg1 Rf5  0-1

[Event "Cseppko op"]
[Site "Aggtelek"]
[Date "1994.??.??"]
[Round "4"]
[White "Karacsony, Attila"]
[Black "Varga, Peter"]
[Result "1/2-1/2"]
[WhiteElo "2270"]
[BlackElo "2330"]

1.e4 c5 2.c3 Nf6 3.e5 Nd5 4.d4 cxd4 5.cxd4 d6 6.Nf3 Nc6 7.Bc4 Nb6 8.Bb5 dxe5
9.Nxe5 Bd7 10.Nc3 Nxe5 11.dxe5 Bxb5 12.Nxb5 Qxd1+ 13.Kxd1 Rd8+ 14.Ke2 a6
15.Nc7+ Kd7 16.Be3 Nc4 17.Rac1 b5 18.b3 Kxc7 19.e6 fxe6 20.bxc4 b4 21.Rb1 a5
22.a3 e5 23.axb4 axb4 24.Rxb4 e6 25.Rb5 Rb8 26.Ra1 Rxb5 27.cxb5 Be7 28.Ra7+ Kd6
29.Kd3 Rc8 30.g4 h6 31.b6 g5 32.Ra4 Bd8 33.b7 Rb8 34.Ra8 Bc7 35.Rxb8 Bxb8
36.Ke4 Kc6 37.Bc1 Kxb7 38.Bb2 Bd6 39.Bxe5 Bf8 40.Bh8 Kc6 41.Ke5 Kd7 42.Kf6 Bc5
43.Kg6 Bxf2 44.Kxh6 Be3 45.Kg6 Bf4 46.h3 e5 47.Kf5 Kd6 48.Bg7 Kd5 49.Bf6 Kd4
50.Bxe5+ Bxe5 51.Kxg5 Ke4 52.h4 Bf4+ 53.Kg6 Kf3 54.Kf5 Kg3 55.h5 Bd2 56.g5 Kh4
57.h6 Kh5 58.Ke6 Kxg5 59.h7 Bc3 60.h8=B  1/2-1/2

[Event "Cseppko op"]
[Site "Aggtelek"]
[Date "1994.??.??"]
[Round "5"]
[White "Kovacs, Lajos"]
[Black "Horvath, Peter"]
[Result "1-0"]
[WhiteElo "2275"]
[BlackElo "2395"]

1.e4 c5 2.c3 Nf6 3.e5 Ng8 4.d4 cxd4 5.cxd4 d5 6.Nf3 Bg4 7.Be2 e6 8.O-O Ne7
9.Nc3 g6 10.h3 Bxf3 11.Bxf3 Bg7 12.Nb5 O-O 13.Bd2 a6 14.Nd6 Qd7 15.a4 Nbc6
16.Bc3 Nc8 17.Nxc8 Rfxc8 18.Qb3 Rab8 19.Qb6 Qc7 20.Qxc7 Rxc7 21.Rfc1 Rbc8
22.Rcb1 Bf8 23.b4 Nxd4 24.Bxd4  1-0

[Event "Alcobendas"]
[Site "Alcobendas"]
[Date "1994.??.??"]
[Round "2"]
[White "Rojo Huerta, Gabriel"]
[Black "Ionov, Sergey"]
[Result "0-1"]
[WhiteElo "2370"]
[BlackElo "2505"]

1.e4 c5 2.c3 Nf6 3.e5 Nd5 4.g3 Nc6 5.Bg2 e6 6.Nf3 d6 7.exd6 Bxd6 8.O-O O-O
9.d4 Bd7 10.Nbd2 cxd4 11.Ne4 Be7 12.Nxd4 Nxd4 13.Qxd4 Bc6 14.Bd2 f5 15.Nc5 e5
16.Qxe5 Bxc5 17.Bg5 Re8 18.Qxf5 Qd6 19.Rad1 Re5 20.Qg4 Nf6 21.Qh4 Qe6 22.Bxc6 bxc6
23.Bxf6 gxf6 24.b4 Bb6 25.a4 Rd8 26.Rxd8+ Bxd8 27.a5 Be7 28.Qf4 Kg7 29.Qf3 a6
30.Rd1 Rd5 31.Rxd5 cxd5 32.Qd3 Qe1+ 33.Kg2 Qe4+ 34.Qxe4 dxe4 35.f3 f5 36.Kf2 Kf6
37.Ke3 Ke5 38.h3 Bf8 39.f4+ Kd5 40.g4 Bg7  0-1

[Event "Andorra op"]
[Site "Andorra"]
[Date "1994.??.??"]
[Round "6"]
[White "Komljenovic, Davor"]
[Black "Amura, Claudia Noemi"]
[Result "0-1"]
[WhiteElo "2465"]
[BlackElo "2325"]

1.e4 c5 2.c3 Nf6 3.e5 Nd5 4.d4 cxd4 5.Nf3 e6 6.cxd4 d6 7.Bc4 dxe5 8.dxe5 Bb4+
9.Bd2 Be7 10.O-O O-O 11.Qe2 b6 12.Rd1 Bb7 13.Nc3 Nxc3 14.Bxc3 Qc7 15.Nd4 a6
16.f4 b5 17.Bb3 Nc6 18.Kh1 Rfd8 19.f5 b4 20.fxe6 bxc3 21.exf7+ Kh8 22.Ne6 Rxd1+
23.Rxd1 Qxe5 24.Qxe5 Nxe5 25.bxc3 g6 26.Rf1 Nd7 27.Re1 Rc8 28.Nf4 Rxc3 29.Bd5 Bd6
30.Nxg6+ hxg6 31.Bxb7 a5 32.g3 Rc7 33.Bd5 Kg7 34.Re6 Bb4 35.Ra6 Ne5 36.a3 Bc3
37.h4 Nxf7 38.g4 Ne5 39.h5 Rd7 40.Be4 Rd4 41.Bxg6 Rxg4 42.h6+ Kf8 43.Bf5 Rg5
44.Ra8+ Ke7 45.h7 Nf3 46.Rg8 Rxf5 47.h8=Q Bxh8 48.Rxh8 Rg5  0-1

[Event "Aschach op"]
[Site "Aschach"]
[Date "1994.??.??"]
[Round "?"]
[White "Jusic, Zdenko"]
[Black "Stanec, Nikolaus"]
[Result "0-1"]
[WhiteElo "2345"]
[BlackElo "2460"]

1.e4 c5 2.c3 Nf6 3.e5 Nd5 4.g3 Nc6 5.Bg2 e6 6.f4 b6 7.Nf3 d6 8.O-O Bb7 9.Qe2 dxe5
10.fxe5 Be7 11.d3 Qd7 12.a3 Nc7 13.Ng5 Bxg5 14.Bxg5 h6 15.Qh5 Rf8 16.Bf4 O-O-O
17.Be4 g5 18.Be3 Nxe5 19.Bxb7+ Kxb7 20.d4 Nc4 21.Bf2 cxd4 22.cxd4 Nd5 23.b3 Nd6
24.Nd2 f5 25.Qxh6 Rh8  0-1

[Event "AUT-ch"]
[Site "Austria"]
[Date "1994.??.??"]
[Round "4"]
[White "Wadsack, Wolfgang"]
[Black "Schlosser, Michael"]
[Result "1/2-1/2"]
[WhiteElo "2265"]
[BlackElo "2365"]

1.e4 c5 2.c3 Nf6 3.e5 Nd5 4.d4 cxd4 5.cxd4 e6 6.a3 d6 7.Nf3 Nc6 8.Bd3 Be7
9.O-O O-O 10.Re1 g6 11.Bh6 Re8 12.Nc3 Nxc3 13.bxc3 dxe5 14.Nxe5 Nxe5 15.Rxe5 Bd6
16.Rg5 Bf8 17.Qh5 Bxh6 18.Qxh6 Qf6 19.Bb5 Re7 20.Qh4 Kg7 21.Qg3 Bd7 22.Rb1 Rc8
23.h4 Bxb5  1/2-1/2

[Event "AUT-ch"]
[Site "Austria"]
[Date "1994.??.??"]
[Round "7"]
[White "Stanka, Wolfgang"]
[Black "Waller, Helmut"]
[Result "1/2-1/2"]
[WhiteElo "2350"]
[BlackElo "2150"]

1.e4 c5 2.c3 Nf6 3.e5 Nd5 4.d4 cxd4 5.cxd4 d6 6.exd6 Qxd6 7.Nf3 Nc6 8.Be2 g6
9.O-O Bg7 10.Na3 O-O 11.Nc4 Qd8 12.Nce5 Qb6 13.Nc4 Qc7 14.Be3 b5 15.Ncd2 Nxe3
16.fxe3 Rb8 17.Nb3 Bh6 18.Qd2 Qd6 19.Rfe1 e5 20.Qc3 b4 21.Qd3 exd4 22.exd4 Bf5
23.Qc4 Rfd8 24.Rad1 a5 25.d5 Ne7 26.Qh4 Be3+ 27.Kh1 Bc2 28.Nxa5 Bxd1 29.Rxd1 Nf5
30.Qh3 Qf4 31.Nc6 Re8 32.Nxb8 Rxb8 33.Bd3 Nd6 34.Qd7 Rb7 35.Qd8+ Kg7 36.Qh4 Qxh4
37.Nxh4 Rc7 38.Nf3 Rc5 39.Bb1 Bc1 40.b3 Bb2 41.Kg1 h6 42.Kf2 Kf8 43.Ne1 Bf6
44.Kf3 Ke7 45.Nc2 Bc3 46.a3 bxa3 47.Nxa3 Bb2 48.Re1+ Kd7 49.Nc2 Rxd5 50.Ne3 Rb5
51.Bc2 Bg7 52.Rd1 Ke6 53.Rb1 Rb4 54.Bd3 f5 55.Bc4+ Nxc4 56.Nxc4 g5 57.Re1+ Kf6
58.Re3 g4+ 59.Ke2 Kg5 60.Rd3 f4 61.Rd5+ Kg6 62.Rd6+ Kf5 63.Rb6 Rxb6 64.Nxb6 Ke4
65.Nc4 h5 66.Nd6+ Kd5 67.Nc4 h4 68.h3 f3+ 69.gxf3 gxh3 70.Ne3+ Ke5 71.Kf2 Bf8
72.Nc4+ Kf4 73.Kg1 Kg3 74.Ne5 Bc5+ 75.Kh1 Bd6 76.Nf7 Bf4 77.b4 Kxf3 78.b5 Ke4
79.b6 Kd5 80.Nd8 Bb8 81.b7 h2 82.Kg2  1/2-1/2

[Event "AUT-ch"]
[Site "Austria"]
[Date "1994.??.??"]
[Round "8"]
[White "Kwatschewsky, Leo"]
[Black "Waller, Helmut"]
[Result "1/2-1/2"]
[WhiteElo "2260"]
[BlackElo "2150"]

1.e4 c5 2.c3 Nf6 3.e5 Nd5 4.d4 cxd4 5.Nf3 Nc6 6.Bc4 Nb6 7.Bb3 d6 8.exd6 Qxd6
9.O-O Be6 10.Na3 Bxb3 11.axb3 a6 12.Re1 e6 13.cxd4 Nd5 14.Nc4 Qc7 15.Nfe5 Nxe5
16.dxe5 Bb4 17.Bd2 O-O 18.Rc1  1/2-1/2

[Event "AUT-ch"]
[Site "Austria"]
[Date "1994.??.??"]
[Round "9"]
[White "Waller, Helmut"]
[Black "Schumi, Manfred"]
[Result "1/2-1/2"]
[WhiteElo "2150"]
[BlackElo "2230"]

1.e4 c5 2.c3 Nf6 3.e5 Nd5 4.d4 cxd4 5.Nf3 Nc6 6.Bc4 Nb6 7.Bb3 d5 8.exd6 Qxd6
9.O-O Be6 10.Na3 dxc3 11.Qe2 Bxb3 12.axb3 e5 13.Nb5 Qb8 14.bxc3 f6 15.Nbd4 Kf7
16.Re1 Be7 17.Nxc6 bxc6 18.Nd4 Qc8 19.Qe4 Nd5 20.c4 Nc3 21.Qd3 Bb4 22.Nc2 c5
23.Bb2 Rd8 24.Qe3 Qf5 25.Nxb4 cxb4 26.Bxc3 bxc3 27.Qxc3 Rd3 28.Qc2 Qd7 29.Red1 Rd8
30.Rxd3 Qxd3 31.Rxa7+ Kg6 32.Qxd3+ Rxd3 33.Kf1 Rxb3  1/2-1/2

[Event "AUT-chT"]
[Site "?"]
[Date "1994.??.??"]
[Round "?"]
[White "Petschar, Kurt"]
[Black "Stanec, Nikolaus"]
[Result "0-1"]
[WhiteElo "2325"]
[BlackElo "2440"]

1.e4 c5 2.c3 Nf6 3.e5 Nd5 4.d4 cxd4 5.Qxd4 e6 6.Nf3 Nc6 7.Qg4 d6 8.exd6 Qxd6
9.Nbd2 e5 10.Qg3 Qg6 11.Nc4 f6 12.Nh4 Qe4+ 13.Be2 g5 14.Qf3 Qxf3 15.Bxf3 Nxc3
16.Bh5+ Kd8 17.bxc3 gxh4 18.f4 Be6 19.Be2 Rg8 20.Kf2 Bc5+ 21.Be3 Bxc4 22.Bxc4 Bxe3+
23.Kxe3 Rg7 24.Rab1 Kc7 25.Bd5 Rd8 26.Rhd1 b6 27.Be4 Rxd1 28.Rxd1 Na5 29.fxe5 fxe5
30.Rf1 Nc4+ 31.Kd3 b5 32.Rf2 Rd7+ 33.Kc2 Nd6 34.Bd3 e4 35.Bf1 a6 36.Rf4 Rf7
37.Rxf7+ Nxf7 38.Kb3 Ne5 39.a4 bxa4+ 40.Kxa4 Kb6  0-1

[Event "AUT-chT"]
[Site "?"]
[Date "1994.??.??"]
[Round "?"]
[White "Kranzl, Peter"]
[Black "Bukacek, Emil"]
[Result "1/2-1/2"]
[WhiteElo "2275"]
[BlackElo "2305"]

1.e4 c5 2.c3 Nf6 3.e5 Nd5 4.d4 cxd4 5.Qxd4 e6 6.Nf3 Nc6 7.Qe4 d6 8.Nbd2 dxe5
9.Nxe5 Nxe5 10.Qxe5 Qd6 11.Bb5+ Bd7 12.Bxd7+ Qxd7 13.O-O Nf6 14.Nf3 Bd6 15.Qd4 Be7
16.Qxd7+ Nxd7 17.Rd1 Nf6 18.c4 O-O 19.Be3 Rfc8 20.b3 Kf8 21.Rd3 Bc5 22.Bxc5+ Rxc5
23.Rad1 Ke7 24.Kf1 b5 25.cxb5  1/2-1/2

[Event "AUT-chT2S 9394"]
[Site "AUT"]
[Date "1994.??.??"]
[Round "?"]
[White "Leitner, Kurt"]
[Black "Pesorda, Ivan"]
[Result "0-1"]
[WhiteElo "2125"]
[BlackElo "2080"]

1.e4 c5 2.c3 Nf6 3.e5 Nd5 4.d4 cxd4 5.Qxd4 e6 6.Nf3 Nc6 7.Qe4 d6 8.Bd3 dxe5
9.Nxe5 Nf6 10.Nxc6 Nxe4 11.Nxd8 Nc5 12.Bc2 Kxd8 13.Bf4 f6 14.Na3 e5 15.Be3 Bd7
16.O-O-O Kc7 17.Rd5 b6 18.Rhd1 Bc6 19.R5d2 Be7 20.b4 Nb7 21.f3 g6 22.Be4 Rhd8
23.Bxc6 Kxc6 24.b5+ Kc7 25.Rxd8 Bxa3+ 26.Kc2 Rxd8 27.Rf1 Bc5 28.Bc1 Nd6 29.a4 e4
30.fxe4 Nxe4 31.Rf4 f5 32.g4 Bd6 33.Rf1 fxg4 34.Re1 Nc5 35.a5 bxa5 36.c4 Rd7
37.Bd2 a4 38.Re8 Bxh2 39.Re2 Bd6 40.Re8 g3 41.Be3 Re7  0-1

[Event "AUT-chT2S 9394"]
[Site "AUT"]
[Date "1994.??.??"]
[Round "?"]
[White "Mikac, Matjaz"]
[Black "Lazarev, Vladimir"]
[Result "1-0"]
[WhiteElo "2390"]
[BlackElo "2430"]

1.e4 c5 2.c3 Nf6 3.e5 Nd5 4.d4 cxd4 5.Nf3 Nc6 6.Bc4 Nb6 7.Bb3 d5 8.exd6 Qxd6
9.O-O Be6 10.Na3 dxc3 11.Nb5 Qxd1 12.Rxd1 Rc8 13.Bxe6 fxe6 14.Nxc3 g6 15.Ng5 e5
16.Ne6 Kf7 17.Nc5 Nd8 18.N3e4 Bg7 19.b3 h6 20.Be3 Re8 21.Nd7 Ne6 22.Nxb6 axb6
23.Rd7 Rc6 24.Rxb7 Nd4 25.Rb1 Ra8 26.a4 Ke6 27.Kf1 Rac8 28.b4 R8c7 29.b5 Rxb7
30.bxc6 Rc7 31.Rxb6 Kd5 32.f3 Rxc6 33.Rxc6 Kxc6 34.Bxd4 exd4 35.Ke2 Kb6 36.Kd3 Ka5
37.Nc5 e5 38.Kc4 Bf8 39.Nd3 Bd6 40.Kb3 h5 41.Nb2 Kb6 42.Nc4+ Kc5 43.a5 Bb8
44.a6 Kd5 45.Nb6+ Kc6 46.Nc8 e4 47.a7 Bxa7 48.Nxa7+ Kd5 49.Kc2 g5 50.Kd2 h4
51.h3 Ke5 52.Nc6+ Kd5 53.Ne7+ Ke5 54.Nc6+ Kd5 55.Nb4+ Ke5 56.fxe4 Kxe4 57.Nd3 Kf5
58.Ke2 Ke4 59.Ne1 Kf4 60.Kf2 Ke4 61.Nf3 Kf4 62.Nxd4 g4 63.Ne2+ Kf5 64.Ke3  1-0

[Event "AUT-chT2S 9394"]
[Site "AUT"]
[Date "1994.??.??"]
[Round "?"]
[White "Waldmann, Gerald"]
[Black "Wilfling, Hermann"]
[Result "1/2-1/2"]
[WhiteElo "2060"]
[BlackElo "2145"]

1.e4 c5 2.c3 Nf6 3.e5 Nd5 4.Nf3 e6 5.Bc4 Nb6 6.Bb3 d6 7.O-O N8d7 8.d4 Be7
9.Nbd2 Qc7 10.exd6 Bxd6 11.Ne4 Be7 12.Bg5 Bxg5  1/2-1/2

[Event "Balatonbereny op"]
[Site "Balatonbereny"]
[Date "1994.??.??"]
[Round "2"]
[White "Dodu, Petre"]
[Black "Agamaliev, Djamil"]
[Result "0-1"]
[WhiteElo "2275"]
[BlackElo "2440"]

1.e4 c5 2.c3 Nf6 3.e5 Nd5 4.Nf3 Nc6 5.Bc4 Nb6 6.Be2 d6 7.exd6 Qxd6 8.d4 cxd4
9.cxd4 g6 10.Nc3 Bg7 11.Nb5 Qd7 12.Bf4 O-O 13.Bg3 Nd5 14.O-O Qd8 15.Ne5 Qb6
16.Bc4 Be6 17.Qe2 Nxe5 18.dxe5 Rac8 19.Na3 Rfd8 20.Kh1 h5 21.h3 Qc6 22.Bb5 Qc5
23.Rfe1 Nb4 24.f4 a6 25.f5 gxf5 26.Bf2 Qc7 27.Ba4 Nd3 28.Nc2 Nxe1  0-1

[Event "Balatonbereny op"]
[Site "Balatonbereny"]
[Date "1994.??.??"]
[Round "8"]
[White "Ladanyi, Tibor"]
[Black "Grabics, Monika"]
[Result "0-1"]
[WhiteElo "2130"]
[BlackElo "2325"]

1.e4 c5 2.c3 Nf6 3.e5 Nd5 4.Nf3 Nc6 5.d4 cxd4 6.cxd4 d6 7.Bc4 Nb6 8.Bb5 dxe5
9.Nxe5 Bd7 10.Bxc6 Bxc6 11.Nxc6 bxc6 12.O-O e6 13.Qg4 Qf6 14.Nc3 Be7 15.Be3 Qg6
16.Qf3 Rc8 17.Rac1 O-O 18.Ne4 Rfd8 19.Rfd1 h6 20.Rd2 Qf5 21.Qxf5 exf5 22.Ng3 Rd5
23.Rdc2 Bf6 24.Rxc6 Rxc6 25.Rxc6 Bxd4 26.Bxd4 Rxd4 27.h3 Rd1+ 28.Nf1 Rb1
29.Rc2 Nd5 30.a3 f4 31.Rd2 Nb6 32.f3 Nc4 33.Rf2 Ne3 34.b4 a6 35.a4 Kf8 36.b5 axb5
37.axb5 Ke7 38.b6 Kd6 39.b7 Kc7 40.h4 h5  0-1

[Event "Oberliga Bayern9394"]
[Site "Bayern"]
[Date "1994.??.??"]
[Round "?"]
[White "Andersen, Jens Knud"]
[Black "Palek, Miroslav"]
[Result "0-1"]
[WhiteElo "2265"]
[BlackElo "2250"]

1.e4 c5 2.c3 Nf6 3.e5 Nd5 4.g3 d6 5.exd6 Qxd6 6.Bg2 Nc6 7.Nf3 Bf5 8.d4 Qe6+
9.Qe2 Qxe2+ 10.Kxe2 cxd4 11.Nxd4 Nxd4+ 12.cxd4 O-O-O 13.Nc3 Nxc3+ 14.bxc3 e6
15.Be3 Ba3 16.Bc1 Bxc1 17.Raxc1 Rd6 18.Rhd1 Rhd8 19.Rd2 R8d7 20.Ke3 Ra6 21.Be4 Bxe4
22.Kxe4 Rc7 23.c4 Ra4 24.c5 Kd7 25.Rcc2 Kc6 26.Rc3 Rd7 27.f4 Rd5 28.Ke3 Rb4
29.Ra3 a6 30.Rdd3 f6 31.Rab3 Rxb3 32.Rxb3 e5 33.fxe5 fxe5 34.Rb6+ Kc7 35.dxe5 Rxe5+
36.Kd4 Re2 37.a4 Ra2 38.Re6 Rxa4+ 39.Kd5 Rg4 40.Re7+ Kb8 41.Re8+ Kc7 42.Re7+ Kc8
43.Rf7 Rg6 44.Kc4 Rg4+ 45.Kd5 a5 46.c6 Rg5+ 47.Kd6 Rg6+ 48.Kc5 Rxc6+ 49.Kb5 a4
50.Kxa4 Rc7 51.Rf2 Kd7 52.Kb5 Ke6 53.Kb6 Rf7 54.Re2+ Kf5 55.Rf2+ Kg6 56.Rb2 Kg5
57.Kc5 Kg4 58.Kd5 b5 59.Rb4+ Kf3 60.Ke6 Rf6+ 61.Ke5 Kg2 62.Rxb5 Kxh2 63.g4 Kg3
64.g5 Rg6 65.Kf5 Rc6 66.Rb3+ Kh4 67.Rb4+ Kh5 68.Rb5 Rc1 69.Ke6 Kg6 70.Ke7 Rf1
71.Rb2 Rf5 72.Rh2 Rxg5 73.Kf8 h5 74.Kg8 Ra5  0-1

[Event "Oberliga Bayern9495"]
[Site "Bayern"]
[Date "1994.??.??"]
[Round "2"]
[White "Wach, Markus"]
[Black "Haag, Wolfgang"]
[Result "1/2-1/2"]
[WhiteElo "2380"]
[BlackElo "2345"]

1.e4 c5 2.c3 Nf6 3.e5 Nd5 4.d4 cxd4 5.Nf3 e6 6.cxd4 b6 7.Nc3 Nxc3 8.bxc3 Qc7
9.Bd2 Bb7 10.Bd3 d6 11.O-O Nd7 12.Ng5 dxe5 13.Re1 Bd6 14.f4 e4 15.Bxe4 Bxe4
16.Nxe4 O-O 17.Qf3 Rfe8 18.Re2 Rac8 19.Rf1 g6 20.g4 Bf8 21.f5 exf5 22.gxf5 Qc4
23.Bg5 b5 24.fxg6 fxg6 25.Qg4 Bg7 26.Qxd7 Qxe2 27.Bh6 Qxf1+ 28.Kxf1 Rf8+
29.Ke2 Bxh6 30.Nf6+ Rxf6 31.Qxc8+ Bf8 32.a4 a6 33.Kd3 Rf3+ 34.Ke4 Rf6 35.h3 h6
36.Ke5 Rf5+ 37.Ke6 bxa4 38.Qe8 Kh7 39.Qxa4 Bg7 40.Qd7 Rf3 41.c4 Rf4 42.Qc8 Re4+
43.Kd5 Rxd4+ 44.Kc5 Rf4 45.Kb6 Rf6+ 46.Kb7 Rf7+ 47.Kxa6 Rf6+ 48.Kb7 Rf7+
49.Kc6 Bf8 50.Kd5 Rf5+ 51.Ke6 Kg7 52.Qd7+ Kg8 53.Qd4 Kh7 54.Kd7 Bc5 55.Qe4 Kg7
56.Kc6 Bf8 57.Qd4+ Kg8 58.Kd7 Bc5 59.Qb2 Kh7 60.Ke6 Bf8 61.Qd4  1/2-1/2

[Event "Regionalliga NW9495"]
[Site "Bayern"]
[Date "1994.??.??"]
[Round "3"]
[White "Scheidt, Karl Heinz"]
[Black "Neubert, Marcus"]
[Result "1/2-1/2"]
[WhiteElo "1895"]
[BlackElo "2060"]

1.e4 c5 2.c3 Nf6 3.e5 Nd5 4.d4 cxd4 5.Bc4 Nb6 6.Bb3 Nc6 7.Nf3 d5 8.exd6 Qxd6
9.O-O Bf5 10.cxd4 e6 11.Nc3 Be7 12.d5 exd5 13.Nxd5 Nxd5 14.Qxd5 Qxd5 15.Bxd5 Rd8
16.Bxc6+ bxc6 17.Re1 Rd7 18.Bf4 Be6 19.Ne5 Rb7 20.Nxc6 Bf6 21.Rad1 O-O 22.b3 Rc8
23.Rc1 Ra8 24.Be3 a5 25.Rc5 a4 26.Na5 Rbb8 27.bxa4 Rxa5 28.Rxa5 Bc3 29.Rb5 Rxb5
30.Rc1 Rd5 31.h3 Ba5 32.Rb1 h5 33.Kf1 Kh7 34.Ke2 Re5 35.a3 Re4 36.Kf3 Rxa4
37.Rb5 g6 38.Bc1 Bc3 39.Rc5 Bg7 40.Rb5 Ra6 41.g4 h4 42.Kg2 Bd7 43.Rb4 Ra4
44.Rxa4 Bxa4 45.Bg5 Bf8 46.Bxh4 Bc6+ 47.Kg3 Bxa3 48.Bf6 Kh6 49.h4 Bd6+ 50.f4 Be4
51.Bd4 Be7 52.Be5 f5 53.g5+ Kh5 54.Bc3 Bc5 55.Bd2 Bd4 56.Be1  1/2-1/2

[Event "Regionalliga SO9495"]
[Site "Bayern"]
[Date "1994.??.??"]
[Round "5"]
[White "Moser, Wolfgang"]
[Black "Bensch, Patrick"]
[Result "1/2-1/2"]
[WhiteElo "2140"]
[BlackElo "2065"]

1.e4 c5 2.c3 Nf6 3.e5 Nd5 4.d4 cxd4 5.Qxd4 e6 6.Bc4 Nc6 7.Qe4 Nde7 8.Nf3 Ng6
9.O-O Qc7 10.Re1 Ncxe5 11.Nxe5 Nxe5 12.Bxe6 dxe6 13.Qxe5 Qxe5 14.Rxe5 Bd6
15.Re1 Bd7 16.Nd2 Bc6 17.a4 Bd5 18.Ne4 Bxe4 19.Rxe4 Ke7 20.Be3 Rhc8 21.Bd4 g6
22.Rd1 Rc6 23.Kf1 b6 24.Rh4 h5 25.Rh3 Rac8 26.Rhd3 Rd8 27.Be5 Bc7 28.Rxd8 Bxd8
29.Rd3 Bc7 30.Bd4 e5 31.Be3 Ke6 32.g3 Bd6 33.Ke2 f5 34.f3 Be7 35.a5 bxa5
36.Bxa7 Rc7 37.Bb6 Rb7 38.Bxa5 Rxb2+ 39.Rd2 Rxd2+ 40.Kxd2 Kd5 41.Kd3 e4+
42.fxe4+ fxe4+ 43.Ke2 g5 44.Bb4 Bd8 45.Ba3 g4 46.Bc1 Bf6 47.Bd2 h4 48.Be1 hxg3
49.hxg3 Be5 50.Ke3 Bd6 51.c4+ Kxc4 52.Kxe4 Bxg3  1/2-1/2

[Event "Berga op"]
[Site "Berga"]
[Date "1994.??.??"]
[Round "7"]
[White "Gros Fernandez, Jordi"]
[Black "Pogorelov, Ruslan"]
[Result "1/2-1/2"]
[WhiteElo "2380"]
[BlackElo "2415"]

1.e4 c5 2.c3 Nf6 3.e5 Nd5 4.d4 cxd4 5.Nf3 Nc6 6.Bc4 Nb6 7.Bb3 d5 8.exd6 Qxd6
9.O-O Be6 10.Na3 Bxb3 11.Qxb3 e6 12.Nb5 Qd7 13.Nbxd4 Bc5 14.Rd1 Nxd4 15.Nxd4 O-O
16.Be3  1/2-1/2